| 000 | 00734nam a22001937a 4500 | ||
|---|---|---|---|
| 999 |
_c7405 _d7405 |
||
| 003 | AR-CdUCM | ||
| 008 | 190320b ||||| |||| 00| 0 spa d | ||
| 040 |
_aMUNICIPALIDAD PROVINCIAL DEL CUSCO _cBIBLIOTECA MUNICIPAL DEL CUSCO |
||
| 082 |
_a657.2 / _bA35 |
||
| 100 |
_aAlcaraz Segura, L _920882 |
||
| 245 |
_aCálculos financieros : _bPrimer curso / |
||
| 260 |
_aMéxico : _bFondo de Cultura Económica, _c1958. |
||
| 300 |
_a1236 paginas ; _c24 cm. |
||
| 505 | _aContenido :Interés simple -- Interés compuesto -- Descuentos a interés compuesto -- Vencimiento común -- Vencimiento medio o plazo medio ... | ||
| 650 |
_aCálculo financiero _920865 |
||
| 650 |
_aTablas financieras _920883 |
||
| 942 |
_2ddc _cLIBROS |
||
| 945 | _arum | ||